书目信息 |
| 题名: |
战争事典
|
|
| 作者: | ;指文烽火工作室 著 | |
| 分册: | 036 | |
| 出版信息: | 北京 台海出版社 2017.11 |
|
| 页数: | 214页 | |
| 开本: | 23cm | |
| 丛书名: | ||
| 单 册: | ||
| 中图分类: | E19 | |
| 科图分类: | ||
| 主题词: | 战争史--zhan zheng shi--世界--史料 | |
| 电子资源: | ||
| ISBN: | 978-7-5168-1596-0 | |
| 000 | 01191nam 2200253 450 | |
| 001 | CAL 0120172317666 | |
| 005 | 20230307160811.56 | |
| 010 | @a978-7-5168-1596-0@dCNY79.8 | |
| 100 | @a20171117d2017 em y0chiy0120 ea | |
| 101 | 0 | @achi |
| 102 | @aCN@b110000 | |
| 105 | @aa a 000yy | |
| 106 | @ar | |
| 200 | 1 | @a战争事典@Azhan zheng shi dian@h036@d= War story@h036@f指文烽火工作室著@zeng |
| 210 | @a北京@c台海出版社@d2017.11 | |
| 215 | @a214页@c彩图@d23cm | |
| 320 | @a有书目 | |
| 330 | @a匈奴的起源、形成与崛起, 汉帝国的征服者时代, 武帝晚年及死后西汉政局的转变。西汉前期的内忧外患, 和亲政策的得与失、成与败, 与百越、西南夷、朝鲜间的战争。继业者战争大背景下, 托勒密王朝女法老阿西诺二世·爱弟者的传奇一生。“清政府不败而败, 法国不胜而胜。”镇南关之役的前因后果和具体经过。丰臣秀吉死后的政治博弈与利益纷争, 关原合战前东西军的布局准备与前哨战。古代战场上的好盔甲应该具备的几大要素。明嘉靖朝那些以少胜多的武人以及游、奇兵。且看《战争事典036》。 | |
| 510 | 1 | @aWar story@h036@zeng |
| 606 | 0 | @a战争史@Azhan zheng shi@y世界@j史料 |
| 690 | @aE19@v5 | |
| 711 | 02 | @a指文烽火工作室@Azhi wen feng huo gong zuo shi@4著 |
| 801 | 0 | @aCN@bBJXHZP@c20230228 |
| 905 | @b1405781-4@dE19@e141:36@f4 | |
| 战争事典.036= War story.036/指文烽火工作室著.-北京:台海出版社,2017.11 |
| 214页:彩图;23cm |
| ISBN 978-7-5168-1596-0:CNY79.8 |
| 匈奴的起源、形成与崛起, 汉帝国的征服者时代, 武帝晚年及死后西汉政局的转变。西汉前期的内忧外患, 和亲政策的得与失、成与败, 与百越、西南夷、朝鲜间的战争。继业者战争大背景下, 托勒密王朝女法老阿西诺二世·爱弟者的传奇一生。“清政府不败而败, 法国不胜而胜。”镇南关之役的前因后果和具体经过。丰臣秀吉死后的政治博弈与利益纷争, 关原合战前东西军的布局准备与前哨战。古代战场上的好盔甲应该具备的几大要素。明嘉靖朝那些以少胜多的武人以及游、奇兵。且看《战争事典036》。 |
| ● |
| 相关链接 |
|
|
|
|
正题名:战争事典
索取号:E19/141:36
 
预约/预借
| 序号 | 登录号 | 条形码 | 馆藏地/架位号 | 状态 | 备注 |
| 1 | 1405781 | 214057811 | 第一样本阅览室/ [索取号:E19/141:36] | 在馆 | |
| 2 | 1405782 | 214057820 | 第一借阅区/ [索取号:E19/141:36] | 在馆 | |
| 3 | 1405783 | 214057839 | 第一借阅区/ [索取号:E19/141:36] | 在馆 | |
| 4 | 1405784 | 214057848 | 第一借阅区/ [索取号:E19/141:36] | 在馆 |